logo

Bir Sreshtho Munshi Abdur Rouf Library
Jhenaidah Cadet College

Architecture in England since Wren / (Record no. 8164)

MARC details
000 -LEADER
fixed length control field 00856cam a2200301I 4500
001 - CONTROL NUMBER
JCCL Control Number 8164
003 - CONTROL NUMBER IDENTIFIER
JCCL marc code BD-JhCC
005 - DATE AND TIME OF LATEST TRANSACTION
control field 20180712121313.0
008 - FIXED-LENGTH DATA ELEMENTS--GENERAL INFORMATION
fixed length control field 750729s1948 nyuf 000 0 eng d
035 ## - SYSTEM CONTROL NUMBER
system control number CONN226341
035 ## - SYSTEM CONTROL NUMBER
system control number ocm01488270
035 ## - SYSTEM CONTROL NUMBER
system control number (BD-JhCC)8164
035 ## - SYSTEM CONTROL NUMBER
system control number 173819
040 ## - CATALOGING SOURCE
Original cataloging agency GUA
Transcribing agency GUA
Modifying agency OCL
-- CUD
-- BD-JhCC
041 ## - LANGUAGE CODE
Language code of Book eng
082 ## - DEWEY DECIMAL CLASSIFICATION NUMBER
Author mark and Year SUM 1948
Classification number 720.942
090 ## - LOCALLY ASSIGNED LC-TYPE CALL NUMBER (OCLC); LOCAL CALL NUMBER (OCLC)
Classification number (OCLC) (R) ; Classification number, CALL (RLIN) (NR) NA961
Local cutter number (OCLC) ; Book number/undivided call number, CALL (RLIN) .S8 1948
100 1# - MAIN ENTRY--PERSONAL NAME
Personal name Summerson, John,
Dates associated with a name 1904-1992.
245 10 - TITLE STATEMENT
Title Architecture in England since Wren /
Statement of responsibility, etc John Summerson,
250 ## - EDITION STATEMENT
Edition statement [Rev. ed.]
260 ## - PUBLICATION, DISTRIBUTION, ETC. (IMPRINT)
Place of publication, distribution, etc London, New York,
Name of publisher, distributor, etc Pub. for the British Council by Longmans, Green
Date of publication, distribution, etc [1948]
300 ## - PHYSICAL DESCRIPTION
Pagination 38 p.
Other physical details plates.
Dimensions 21cm.
490 1# - SERIES STATEMENT
Series statement The arts in Britain,
Volume number/sequential designation no. 10.
650 #0 - SUBJECT ADDED ENTRY--TOPICAL TERM
Topical term or geographic name as entry element Architecture
Geographic subdivision England.
830 #0 - SERIES ADDED ENTRY--UNIFORM TITLE
Uniform title Arts in Britain ;
Volume number/sequential designation no. 10.
942 ## - ADDED ENTRY ELEMENTS (KOHA)
Source of classification or shelving scheme Dewey Decimal Classification
Koha item type Books
Holdings
Source of classification or shelving scheme Damaged status Not for loan Home library Current library Shelving location Total Checkouts Full call number Barcode Date last seen Copy number Koha item type
Dewey Decimal Classification     JCC Rouf Library JCC Rouf Library General Stacks   720.942 SUM 1948 10600 02/19/2018 C - 1 Books

JCC Library | Contacts | JCC Home

Last Update on 23 September 2017
Copyright @ 2017-2020 JCC Rouf Library
Rouf Library, Jhenidah Cadet College (JCC), Bangladesh